Roznese tě na kopytech /
Pozoruhodné je, že ačkoliv tuto knihu psala žena, jde o intimní výpověď muže. Autorka se dokonale vcítila do role pětačtyřicetiletého psychologa, který je postižen typickým syndromem mužů středního věku - druhou mízou. Jak dalece dokáže zkomplikovat zaběhnutý život náročná milenka a kam až sahá tole...
Uloženo v:
| Hlavní autor: | |
|---|---|
| Médium: | E-kniha |
| Jazyk: | Czech |
| Vydáno: |
Praha :
BELAMI,
2026
|
| Tagy: |
Žádné tagy |
| LEADER | 01285nam a22002297i 4500 | ||
|---|---|---|---|
| 001 | 314040 | ||
| 007 | ta | ||
| 008 | 260703s2026 xr ||||| |||| 00| 0 cze d | ||
| 020 | |a 9788087166192 | ||
| 044 | |a xr | ||
| 100 | 1 | |a Monyová, Simona |4 aut | |
| 245 | 1 | 0 | |a Roznese tě na kopytech / |c Monyová, Simona |
| 264 | 1 | |a Praha : |b BELAMI, |c 2026 | |
| 300 | |a 1 online zdroj (160 stran) | ||
| 336 | |a text |b txt |2 rdacontent | ||
| 337 | |a bez média |b n |2 rdamedia | ||
| 338 | |a online zdroj |b cr |2 rdacarrier | ||
| 520 | 2 | |a Pozoruhodné je, že ačkoliv tuto knihu psala žena, jde o intimní výpověď muže. Autorka se dokonale vcítila do role pětačtyřicetiletého psychologa, který je postižen typickým syndromem mužů středního věku - druhou mízou. Jak dalece dokáže zkomplikovat zaběhnutý život náročná milenka a kam až sahá tolerance vlastní ženy, se dočtete v Roznese tě na kopytech. | |
| 910 | |a RBIT002 | ||
| 998 | |d 428142 |a https://core.palmknihy.cz/api/books/428142/cover?thibh3 |b https://core.palmknihy.cz/api/books/428142/cover/400?thibh3 |c https://core.palmknihy.cz/api/books/428142/cover/50?thibh3 |e |g 160 |i 9788087166192 |j https://core.palmknihy.cz/api/books/428142/preview.epub |l |q 49 |r 1 |s https://www.palmknihy.cz/kniha/428142 |t ebook |y 2026 |z 1 | ||
| 999 | |d 314038 | ||